Evolution of protein molecules : proceedings of the Symposium on Evolution of Protein Molecules held at Osaka-Kobe, April 11-13, 1977 /

Bibliographic Details
Corporate Author: Symposium on Evolution of Protein Molecules Osaka and Kobe, Japan
Other Authors: Matsubara, Hiroshi, 1930-, Yamanaka, Tateo, 1932-
Format: Conference Proceeding Book
Language:English
Published: ©1978
Subjects:

MARC

Tag First Indicator Second Indicator Subfields
LEADER 00000cam a2200000 i 4500
001 in00000054795
005 20151008052115.0
008 800214s1978 ja a b 10110 eng
010 |a  80451113  
015 |a Ja*** 
035 |a (OCoLC)06090027 
035 |9 AAH1708AM 
040 |a DLC  |c DLC  |d TXA  |d UtOrBLW 
049 |a TXAM  |c [1383269] 
050 0 0 |a QP551  |b .S926 1977 
082 0 |a 574.19/296 
111 2 |a Symposium on Evolution of Protein Molecules  |d (1977 :  |c Osaka and Kobe, Japan) 
245 1 0 |a Evolution of protein molecules :  |b proceedings of the Symposium on Evolution of Protein Molecules held at Osaka-Kobe, April 11-13, 1977 /  |c edited by Hiroshi Matsubara, Tateo Yamanaka. 
264 2 |a Tokyo :  |b Japan Scientific Societies Press : sole distributor for outside Japan, Business Center for Academic Societies Japan,  |c [1978] 
264 4 |c ©1978 
300 |a xii, 412 pages :  |b illustrations ;  |c 24 cm. 
336 |a text  |b txt  |2 rdacontent 
337 |a unmediated  |b n  |2 rdamedia 
338 |a volume  |b nc  |2 rdacarrier 
504 |a Includes bibliographies and index. 
650 0 |a Proteins  |v Congresses. 
650 0 |a Molecular evolution  |v Congresses. 
700 1 |a Matsubara, Hiroshi,  |d 1930- 
700 1 |a Yamanaka, Tateo,  |d 1932- 
999 |a MARS 
999 f f |s 484abb26-cf61-33a9-a070-f56c0efd4a0a  |i 49f54794-a0a4-332e-9263-9e627bd86247  |t 0 
952 f f |p ric  |a Texas A&M University  |b Rellis Campus  |c Joint Library Facility  |d Remote Storage  |t 0  |e QP551 .S926 1977  |h Library of Congress classification  |i unmediated -- volume  |m A14805023694 
998 f f |a QP551 .S926 1977  |t 0  |l Remote Storage